[Event "British Rapidplay"]
[Site "Peterborough"]
[Date "2024.03.02"]
[Round "3"]
[White "Mittal, Aditya"]
[Black "Jermy, Jaden"]
[Result "1-0"]
[WhiteElo "1809"]
[BlackElo "2024"]
[PlyCount "147"]
[EventDate "2024.03.02"]
[EventType "swiss (rapid)"]
[EventRounds "11"]
[EventCountry "ENG"]
[SourceTitle "CB10_2024"]
[SourceDate "2024.03.06"]
[SourceVersion "1"]
[SourceVersionDate "2024.03.06"]
[SourceQuality "1"]

1. b3 e5 2. Bb2 d6 3. c4 g6 4. e3 Bg7 5. Nc3 f5 6. Be2 Nf6 7. d4 0-0 8. dxe5 dxe5 9. Nf3 Nbd7 10. 0-0 c6 11. Ba3 Re8 12. Rc1 Qa5 13. Bd6 e4 14. Nd4 Ne5 15. b4 Qd8 16. c5 Bf8 17. Qb3+ Kh8 18. Rfd1 Bxd6 19. cxd6 Qxd6 20. Nxf5 Qe6 21. Nd6 Qxb3 22. axb3 Re7 23. Ncxe4 Nxe4 24. Nxe4 Bf5 25. Nc5 a5 26. Rd4 axb4 27. Rxb4 Ra2 28. Re1 b5 29. Rd4 Rea7 30. Bf3 Rc2 31. Rd8+ Kg7 32. Ne4 Raa2 33. Rf1 Rcb2 34. Nc5 Nxf3+ 35. gxf3 Bh3 36. Nd3 Bxf1 37. Nxb2 Be2 38. Rd7+ Kh6 39. Nd3 Bxf3 40. h3 Bd5 41. b4 Ra1+ 42. Kh2 Rh1+ 43. Kg3 Rd1 44. Ne5 Rg1+ 45. Kf4 Be6 46. Rd6 Bxh3 47. Rxc6 Rf1 48. f3 Rb1 49. Nd3 Bf1 50. Ne5 Rxb4+ 51. e4 Bh3 52. Rb6 Rb3 53. Rb7 Be6 54. Re7 g5+ 55. Kg3 Bc4 56. Rc7 Be2 57. Kg4 b4 58. Nf7+ Kg6 59. Nxg5 h5+ 60. Kf4 Rc3 61. Rb7 b3 62. Rb6+ Kg7 63. Ne6+ Kf7 64. Nd4 Bd1 65. Kg5 Rd3 66. Nc6 Ke8 67. Ne5 Rc3 68. f4 Rc5 69. Kf6 Rc8 70. Rb7 Bg4 71. f5 Ra8 72. Re7+ Kf8 73. Ng6+ Kg8 74. Rg7# 1-0

[Event "British Rapidplay"]
[Site "Peterborough"]
[Date "2024.03.02"]
[Round "1"]
[White "Takvorian, Sebouh"]
[Black "Jermy, Jaden"]
[Result "0-1"]
[WhiteElo "1823"]
[BlackElo "2024"]
[PlyCount "66"]
[EventDate "2024.03.02"]
[EventType "swiss (rapid)"]
[EventRounds "11"]
[EventCountry "ENG"]
[SourceTitle "CB10_2024"]
[SourceDate "2024.03.06"]
[SourceVersion "1"]
[SourceVersionDate "2024.03.06"]
[SourceQuality "1"]

1. e4 c5 2. a3 g6 3. Nc3 Bg7 4. g3 d6 5. Bg2 Nc6 6. d3 e5 7. f4 Nge7 8. Nh3 0-0 9. 0-0 f5 10. Be3 Nd4 11. Qd2 Rb8 12. Rae1 b5 13. Nd1 Qc7 14. c3 Ne6 15. Ndf2 Bb7 16. g4 exf4 17. Nxf4 Nxf4 18. Bxf4 fxg4 19. Nxg4 Nc6 20. Bh6 Ne5 21. Bxg7 Qxg7 22. Nh6+ Kh8 23. d4 Nc4 24. Qg5 cxd4 25. cxd4 Qxd4+ 26. Kh1 Qe5 27. Qh4 Qg7 28. Bh3 Ne5 29. Be6 Nf3 30. Rxf3 Rxf3 31. Bd5 Bxd5 32. exd5 Rbf8 33. Ng4 Qxb2 0-1

[Event "Cambridge op 2nd"]
[Site "Cambridge"]
[Date "2024.02.19"]
[Round "1"]
[White "Jermy, Jaden"]
[Black "Gardner, Phillip K"]
[Result "1-0"]
[WhiteElo "1968"]
[BlackElo "1769"]
[PlyCount "67"]
[EventDate "2024.02.19"]
[EventType "swiss"]
[EventRounds "9"]
[EventCountry "ENG"]
[SourceTitle "CB09_2024"]
[SourceDate "2024.02.28"]
[SourceVersion "1"]
[SourceVersionDate "2024.02.28"]
[SourceQuality "1"]

1. Nf3 Nf6 2. g3 b5 3. Bg2 Bb7 4. 0-0 c5 5. b3 e6 6. c4 a6 7. Bb2 Be7 8. Qc2 d6 9. e3 0-0 10. Nc3 b4 11. Ne2 Nbd7 12. Nf4 e5 13. Ne2 Re8 14. d4 exd4 15. exd4 Be4 16. Qd2 Bf8 17. Rfe1 Qc7 18. Rad1 Rad8 19. Nf4 h6 20. d5 g5 21. Nd3 Bg7 22. h4 g4 23. Nh2 Bxg2 24. Kxg2 Ne4 25. Qf4 Nc3 26. Bxc3 bxc3 27. Nxg4 c2 28. Rc1 h5 29. Nh6+ Kh7 30. Nxf7 Rf8 31. Qxd6 Qa5 32. Ng5+ Kh8 33. Qg6 Nf6 34. Re7 1-0

[Event "Amsterdam Science Park op-A"]
[Site "Amsterdam"]
[Date "2023.07.20"]
[Round "6"]
[White "Jermy, Jaden"]
[Black "Kanis, Sierk"]
[Result "0-1"]
[WhiteElo "1892"]
[BlackElo "2112"]
[PlyCount "161"]
[EventDate "2023.07.15"]
[EventType "swiss"]
[EventRounds "9"]
[EventCountry "NED"]
[SourceTitle "CBM 215 Extra"]
[Source "ChessBase"]
[SourceDate "2023.09.30"]
[SourceVersion "1"]
[SourceVersionDate "2023.09.30"]
[SourceQuality "1"]

1. Nf3 d5 2. d4 Nf6 3. c4 c6 4. g3 e6 5. Bg2 Bb4+ 6. Bd2 Be7 7. Qc2 0-0 8. 0-0 Nbd7 9. cxd5 exd5 10. Nc3 Re8 11. Bf4 Nf8 12. Rad1 Bg4 13. Ne5 Bh5 14. Na4 Ng6 15. Nxg6 Bxg6 16. Qb3 Qd7 17. Rfe1 Rad8 18. Be5 Qc8 19. Rc1 Ne4 20. Bf4 Bg5 21. Bxg5 Nxg5 22. Nc5 Re7 23. Nd3 Be4 24. Nf4 Bxg2 25. Kxg2 Qf5 26. Qd3 Ne4 27. h4 h6 28. h5 Qg5 29. Rc2 Nf6 30. Qf3 Re4 31. e3 Qf5 32. Rec1 Rde8 33. b4 a6 34. a4 Ng4 35. Rc3 g5 36. Nd3 Qc8 37. Nc5 R4e7 38. b5 axb5 39. axb5 f5 40. bxc6 bxc6 41. Nd3 f4 42. Rxc6 Qf5 43. Nb4 Re4 44. gxf4 Kh8 45. Rg6 Nxe3+ 46. fxe3 Rxe3 47. Rxh6+ Kg7 48. Rg6+ Kh8 49. Rxg5 Qf8 50. Nxd5 Rxf3 51. Kxf3 Qa3+ 52. Rc3 Qa1 53. Re5 Qh1+ 54. Ke3 Rxe5+ 55. dxe5 Qxd5 56. Rd3 Qh1 57. Rd6 Qxh5 58. Ke4 Qe2+ 59. Kf5 Qh5+ 60. Ke6 Qh6+ 61. Kd7 Qxf4 62. e6 Kg7 63. e7 Qa4+ 64. Ke6 Qg4+ 65. Kd5 Kf7 66. e8Q+ Kxe8 67. Re6+ Kd7 68. Rd6+ Ke7 69. Rc6 Qf4 70. Rc4 Qf5+ 71. Kc6 Qe6+ 72. Kc5 Qd6+ 73. Kb5 Kd7 74. Rc3 Qd5+ 75. Kb4 Kd6 76. Rc4 Qd2+ 77. Rc3 Kd5 78. Kb3 Qd1+ 79. Kb4 Qb1+ 80. Rb3 Qe1+ 81. Rc3 0-1

[Event "Cambridge op"]
[Site "Cambridge"]
[Date "2023.02.16"]
[Round "3"]
[White "Berkley, Stephen W"]
[Black "Jermy, Jaden"]
[Result "0-1"]
[WhiteElo "1615"]
[BlackElo "1798"]
[PlyCount "76"]
[EventDate "2023.02.15"]
[EventType "swiss"]
[EventRounds "9"]
[EventCountry "ENG"]
[SourceTitle "CBM 212 Extra"]
[Source "ChessBase"]
[SourceDate "2023.03.31"]
[SourceVersion "1"]
[SourceVersionDate "2023.03.31"]
[SourceQuality "1"]

1. d4 f5 2. Nf3 Nf6 3. g3 e6 4. Bg2 Be7 5. 0-0 0-0 6. c4 d5 7. Nc3 c6 8. b3 Ne4 9. Nxe4 fxe4 10. Ne5 Nd7 11. Nxd7 Bxd7 12. Be3 Bf6 13. Qd2 Be8 14. f3 exf3 15. Bxf3 Bf7 16. Rad1 Qb6 17. cxd5 exd5 18. Kh1 Bg6 19. Bg5 Rae8 20. Bxf6 Rxf6 21. Rf2 Qd8 22. Rdf1 Qe7 23. Kg1 Re6 24. Qc1 h6 25. Qd2 Re3 26. Kg2 Qg5 27. Qa5 a6 28. Qb4 R3e7 29. Qd6 Re6 30. Qb4 R8e7 31. Kg1 h5 32. Kg2 h4 33. Qc3 Re3 34. Qd2 hxg3 35. hxg3 Be4 36. Rg1 Rf7 37. Kf1 Bxf3 38. exf3 Rfxf3 0-1

[Event "BCF-chT3Sb 1920 (4NCL)"]
[Site "England"]
[Date "2020.02.08"]
[Round "5.62"]
[White "Jermy, Jaden"]
[Black "Pozimski, Szymon"]
[Result "1-0"]
[WhiteElo "2087"]
[BlackElo "2011"]
[PlyCount "147"]
[EventDate "2019.11.09"]
[EventType "team-tourn"]
[EventRounds "11"]
[EventCountry "ENG"]
[SourceTitle "EXT 2023"]
[Source "ChessBase"]
[SourceDate "2022.10.05"]
[SourceVersion "1"]
[SourceVersionDate "2022.10.05"]
[SourceQuality "1"]
[WhiteTeam "Iceni"]
[BlackTeam "Oxford II"]
[WhiteTeamCountry "ENG"]
[BlackTeamCountry "ENG"]

1. d4 Nf6 2. Bf4 b5 3. e3 a6 4. Nd2 Bb7 5. Ngf3 e6 6. Bd3 c5 7. c3 Nc6 8. h3 Rc8 9. 0-0 d6 10. a4 c4 11. Be2 Be7 12. Bh2 0-0 13. axb5 axb5 14. e4 d5 15. e5 Nd7 16. Ne1 b4 17. f4 Qb6 18. Kh1 Ra8 19. Rxa8 Rxa8 20. f5 exf5 21. Rxf5 Nf8 22. Nxc4 dxc4 23. Bxc4 Nd8 24. Bg1 bxc3 25. bxc3 Rc8 26. d5 Bc5 27. Bh2 Bf2 28. Rf4 Ng6 29. Rg4 Ba6 30. Bxa6 Qxa6 31. Nd3 Ba7 32. Ra4 Qb7 33. c4 Bd4 34. Bg3 Qe7 35. Qg4 Bxe5 36. Nxe5 Qb7 37. Nxg6 hxg6 38. Qe4 Ne6 39. Qe1 Nc5 40. Rb4 Qd7 41. Rb8 Rxb8 42. Bxb8 Nb7 43. Bg3 Qc8 44. Qb4 Nc5 45. Kh2 Kh7 46. d6 Kg8 47. Qb6 Ne6 48. Qb5 Nc5 49. Bf2 Ne4 50. Bg3 Nc5 51. Be5 Kf8 52. Bd4 Nd7 53. c5 Nb8 54. Bc3 f6 55. Bb4 Nc6 56. Bc3 Kf7 57. Qb3+ Kf8 58. Qd5 Qd7 59. Kg3 Nd8 60. Bb4 Nc6 61. Bc3 Nd8 62. h4 Nc6 63. Qe4 Kf7 64. Kf4 Nd8 65. Qd5+ Kf8 66. g4 Qa4+ 67. Kf3 Qd7 68. Kg3 Nc6 69. h5 gxh5 70. gxh5 Nd8 71. h6 gxh6 72. Bxf6 Nf7 73. Qa8+ Qe8 74. Be7+ 1-0

[Event "Thanet op-A 50th"]
[Site "Margate"]
[Date "2019.08.18"]
[Round "4"]
[White "Jermy, Jaden"]
[Black "Bourne, Johnathan"]
[Result "0-1"]
[WhiteElo "1622"]
[BlackElo "1906"]
[PlyCount "70"]
[EventDate "2019.08.16"]
[EventType "swiss"]
[EventRounds "5"]
[EventCountry "ENG"]
[SourceTitle "EXT 2024"]
[Source "ChessBase"]
[SourceDate "2023.10.10"]
[SourceVersion "1"]
[SourceVersionDate "2023.10.10"]
[SourceQuality "1"]

1. d4 Nf6 2. c4 g6 3. Nf3 Bg7 4. g3 d6 5. Bg2 0-0 6. 0-0 Nbd7 7. Nc3 e5 8. e4 exd4 9. Nxd4 a6 10. h3 Rb8 11. Be3 c5 12. Nde2 Ne5 13. b3 b5 14. f4 Ned7 15. Rc1 Re8 16. Qd3 b4 17. Nd5 Nxd5 18. cxd5 Qe7 19. g4 f5 20. Ng3 fxg4 21. hxg4 Nf6 22. g5 Ng4 23. Kh1 Bd7 24. Qe2 h5 25. Qd2 h4 26. Ne2 Nxe3 27. Qxe3 Bf5 28. e5 dxe5 29. Qxc5 Qxc5 30. Rxc5 h3 31. Bxh3 Bxh3 32. Rfc1 Rbc8 33. Rc6 Bg4 34. d6 Rxc6 35. Rxc6 Bf3+ 0-1

[Event "Thanet op-A 50th"]
[Site "Margate"]
[Date "2019.08.18"]
[Round "5"]
[White "Moyse, Nigel John"]
[Black "Jermy, Jaden"]
[Result "1/2-1/2"]
[WhiteElo "2055"]
[BlackElo "1622"]
[PlyCount "26"]
[EventDate "2019.08.16"]
[EventType "swiss"]
[EventRounds "5"]
[EventCountry "ENG"]
[SourceTitle "EXT 2024"]
[Source "ChessBase"]
[SourceDate "2023.10.10"]
[SourceVersion "1"]
[SourceVersionDate "2023.10.10"]
[SourceQuality "1"]

1. d4 f5 2. e4 fxe4 3. Nc3 Nf6 4. g4 e6 5. g5 Nd5 6. Nxe4 Be7 7. Qh5+ g6 8. Qf3 c5 9. dxc5 Nc6 10. c4 Nd4 11. Qd1 Nb4 12. Bd3 Qa5 13. Kf1 Nbc6 1/2-1/2

[Event "ENG Terafinal"]
[Site "Daventry"]
[Date "2017.08.13"]
[Round "6"]
[White "Zakarian, Dimitrios Levon"]
[Black "Jermy, Jaden"]
[Result "1/2-1/2"]
[WhiteElo "116"]
[BlackElo "146"]
[PlyCount "76"]
[EventDate "2017.08.12"]
[EventType "swiss"]
[EventRounds "6"]
[EventCountry "ENG"]
[SourceTitle "CBM 179 Extra"]
[Source "ChessBase"]
[SourceDate "2017.08.23"]
[SourceVersion "1"]
[SourceVersionDate "2017.08.23"]
[SourceQuality "1"]

1. d4 Nf6 2. Nf3 g6 3. c4 Bg7 4. g3 0-0 5. Bg2 c5 6. d5 d6 7. 0-0 a6 8. Nc3 Nbd7 9. Qc2 Rb8 10. a4 Ng4 11. h3 Nge5 12. b3 Qb6 13. Bb2 Nxf3+ 14. Bxf3 Ne5 15. Bg2 f5 16. f4 Nd7 17. Rae1 Nf6 18. e4 fxe4 19. Nxe4 Nxe4 20. Bxe4 Bxb2 21. Qxb2 Bxh3 22. Bg2 Bxg2 23. Kxg2 Qd8 24. Re3 b5 25. Qe2 Rf7 26. Re1 bxa4 27. bxa4 Rb7 28. Qc2 Qb8 29. R1e2 Qc8 30. Rb3 a5 31. Rb5 Rxb5 32. axb5 Qg4 33. Rf2 g5 34. Qd2 h5 35. fxg5 Rxf2+ 36. Kxf2 Qxc4 37. Qxa5 Qd4+ 38. Kg2 Qe4+ 1/2-1/2